00502nam a2200193 a 4500001001300000003000900013005001700022008004100039020001000080082001700090100002000107245004700127260003400174300000900208500003500217505001300252650002300265700002000288nice12345678IN_TiNIC20260116012011.0050524s1954 lona grp 000 0 eng  ac10000a297.409bSMI aSmith, Margaret aSufi Path of Loveb An Anthology of Sufism aLondon bLuzac and Co. c1954 a154p aincludes index and biblioraphy2 aglossary aSufism-Hagiography1 aSmith, Margaret